000 00650nam a2200217Ia 4500
005 20230809105031.0
008 131103s9999 xx 000 0 und d
020 _a8176480886 (set); 8176480932
_cRs 10000
040 _aLoreto College
041 _aEnglish
082 _a920
_bSIN
245 _aEncyclopaedia of the Indian Bigraphy
_b Volume 5 L-N
_cEdited by Nagendra Kr. Singh
260 _aNew Delhi
_bA.P.H. Publishing Corporation
_c2000
300 _axxxi,715p
504 _aIncludes bibliography
650 _aBiography
651 _aIndian National Biography
700 _aSingh, Nagendra Kr., ed
850 _aLCLIB
942 _cBK
999 _c15710
_d66189